[Event "Valdivia op 2nd"]
[Site "Valdivia"]
[Date "2021.09.19"]
[Round "6"]
[White "Jaque Gutierrez, Matias"]
[Black "Meza Gorrini, Francesco"]
[Result "1/2-1/2"]
[WhiteElo "2019"]
[BlackElo "1517"]
[PlyCount "102"]
[EventDate "2021.09.16"]
[EventType "swiss"]
[EventRounds "6"]
[EventCountry "CHI"]
[SourceTitle "CBM 204 Extra"]
[Source "ChessBase"]
[SourceDate "2021.11.30"]
[SourceVersion "1"]
[SourceVersionDate "2021.11.30"]
[SourceQuality "1"]

1. c4 g6 2. g3 Bg7 3. Bg2 c5 4. Nc3 Nc6 5. a3 d6 6. Rb1 a5 7. d3 e5 8. e4 Nge7 9. Nge2 0-0 10. 0-0 Rb8 11. Bd2 Be6 12. f4 f5 13. Nd5 fxe4 14. dxe4 Bg4 15. h3 Bxe2 16. Qxe2 Nd4 17. Qd3 Nxd5 18. exd5 b5 19. b4 exf4 20. Bxf4 g5 21. Bd2 Rxf1+ 22. Qxf1 cxb4 23. axb4 axb4 24. Rxb4 Qb6 25. Kh1 Qc5 26. cxb5 h6 27. Qc4 Rxb5 28. Qxc5 dxc5 29. Rxb5 Nxb5 30. Bf1 Nd6 31. Kg2 Be5 32. h4 Bxg3 33. hxg5 hxg5 34. Bxg5 Be5 35. Kf3 Kf7 36. Be3 Bd4 37. Bf4 Ke7 38. Bg5+ Bf6 39. Be3 Bd4 40. Bxd4 cxd4 41. Kf4 Kf6 42. Bd3 Ne8 43. Ke4 Ke7 44. Ke5 Nd6 45. Kxd4 Ne8 46. Kc5 Nd6 47. Kc6 Ne8 48. Bc2 Nd6 49. Bg6 Nc4 50. Kc7 Nd6 51. Bd3 Ne8+ 1/2-1/2

[Event "CHI-chT"]
[Site "Santiago de Chile"]
[Date "2019.09.12"]
[Round "2.4"]
[White "Meza Gorrini, Francesco"]
[Black "Ramirez Camilla, Agustin"]
[Result "1-0"]
[WhiteElo "1262"]
[BlackElo "1043"]
[PlyCount "103"]
[EventDate "2019.09.05"]
[EventType "team-swiss"]
[EventRounds "9"]
[EventCountry "CHI"]
[SourceTitle "CBM 193 Extra"]
[Source "ChessBase"]
[SourceDate "2020.01.31"]
[SourceVersion "1"]
[SourceVersionDate "2020.01.31"]
[SourceQuality "1"]
[WhiteTeam "Rafael Sotomayor CC"]
[BlackTeam "Chess Maipu"]
[WhiteTeamCountry "CHI"]
[BlackTeamCountry "CHI"]

1. e4 e6 2. d4 d5 3. e5 c5 4. c3 Nc6 5. Nf3 Qb6 6. a3 c4 7. Be2 Na5 8. Nbd2 Bd7 9. Qc2 Be7 10. Rb1 f6 11. b4 cxb3 12. Qb2 fxe5 13. Nxe5 Nf6 14. Nxb3 Nxb3 15. Qxb3 Qxb3 16. Rxb3 b6 17. Ba6 Bc8 18. Bb5+ Kf8 19. Bf4 a6 20. Bc6 Ra7 21. Rxb6 Bxa3 22. Rb8 Ke7 23. 0-0 Bd6 24. Rb3 Ng4 25. Bg5+ Nf6 26. f4 h6 27. Bh4 a5 28. Ng6+ Kd8 29. Nxh8 a4 30. Rb2 a3 31. Ra2 Ba6 32. Rfa1 Bc4 33. Rf2 Kc7 34. f5 Kxc6 35. Bxf6 gxf6 36. fxe6 Be7 37. Ng6 Bd8 38. e7 Bxe7 39. Nxe7+ Rxe7 40. Rxf6+ Kb5 41. Rxh6 a2 42. Rf6 Ka4 43. Rf2 Ka3 44. g4 Rb7 45. Kg2 Rb1 46. Rfxa2+ Bxa2 47. Rxb1 Bxb1 48. h4 Kb3 49. h5 Kxc3 50. g5 Kxd4 51. g6 Ke5 52. g7 1-0